|
|
|
|
| LEADER |
00000cam a2200000 7i4500 |
| 001 |
0000083450 |
| 005 |
20220105104311.0 |
| 008 |
190408 |
| 020 |
|
|
|a 9789670650333 (Set)
|
| 020 |
|
|
|a 9789670650371
|
| 041 |
0 |
|
|a Malay
|
| 090 |
0 |
0 |
|a JP MOR
|b MAL
|
| 100 |
0 |
|
|a Sayyidah Nur Najwa
|
| 245 |
0 |
0 |
|a Makanlah secara sihat
|c Sayyidah Nur Najwa
|
| 260 |
|
|
|a Melaka :
|b Penerbit Eka ,
|c 2018
|
| 300 |
|
|
|a 24p. :
|b col.ill. ;
|c 25.9cm.
|
| 490 |
0 |
|
|a Jauhi dadah yang membawa padah
|
| 500 |
|
|
|a Children age 4-6 years old (yellow)
|
| 541 |
0 |
0 |
|c Purchased on 2018
|f 1487/18 TIM
|h RM20.25
|
| 650 |
|
0 |
|a Malay fiction
|
| 650 |
|
0 |
|a Malaysian fiction, Malay
|
| 999 |
|
|
|a 0001567130
|b Book
|c Children Collection
|e Cawangan Bandar Penawar
|
| 999 |
|
|
|a 0001567131
|b Book
|c Children Collection
|e Cawangan Batu Pahat
|
| 999 |
|
|
|a 0001567132
|b Book
|c Children Collection
|e Cawangan Muar
|
| 999 |
|
|
|a 0001567133
|b Book
|c Children Collection
|e Cawangan Tmn. Ungku Tun Aminah
|
| 999 |
|
|
|a 0001567134
|b Book
|c Children Collection
|e Cawangan Bandar Tenggara
|
| 999 |
|
|
|a 0001567135
|b Book
|c Children Collection
|e Cawangan Kota Tinggi
|
| 999 |
|
|
|a 0001567136
|b Book
|c Children Collection
|e Cawangan Bukit Gambir
|
| 999 |
|
|
|a 0001567137
|b Book
|c Children Collection
|e Cawangan Tangkak
|
| 999 |
|
|
|a 0001567138
|b Book
|c Children Collection
|e Cawangan Segamat
|
| 999 |
|
|
|a 0001567139
|b Book
|c Children Collection
|e Cawangan Taman Sri Lambak
|
| 999 |
|
|
|a 0001567141
|b Book
|c Children Collection
|e Cawangan Pontian
|
| 999 |
|
|
|a 0001567142
|b Book
|c Children Collection
|e Cawangan Taman Universiti
|
| 999 |
|
|
|a 0001567163
|b Book
|c Children Collection
|e Perbadanan Perpustakaan Awam Johor
|
| 999 |
|
|
|a 0001567164
|b Book
|c Children Collection
|e Cawangan Urban Transformation Centre
|
| 999 |
|
|
|a 0001567165
|b Book
|c Children Collection
|e Cawangan AEON Kulaijaya
|
| 999 |
|
|
|a 0001617559
|b Book
|c Children Collection
|e Cawangan Mersing
|